Communication and social development in India (Record no. 348969)

000 -LEADER
fixed length control field 00380cam a22001337a 4500
008 - FIXED-LENGTH DATA ELEMENTS--GENERAL INFORMATION
fixed length control field 180718b1976 xxu||||| |||| 00| 0 eng d
082 ## - DEWEY DECIMAL CLASSIFICATION NUMBER
Classification number W7x54 K965
100 ## - MAIN ENTRY--PERSONAL NAME
Personal name Kuppuswamy, B.
245 ## - TITLE STATEMENT
Title Communication and social development in India
Statement of responsibility, etc. by B. Kuppuswamy
260 ## - PUBLICATION, DISTRIBUTION, ETC.
Place of publication, distribution, etc. Delhi
Name of publisher, distributor, etc. Sterling
Date of publication, distribution, etc. 1976
300 ## - PHYSICAL DESCRIPTION
Extent 364p.
650 ## - SUBJECT ADDED ENTRY--TOPICAL TERM
Topical term or geographic name entry element Social change - India
650 ## - SUBJECT ADDED ENTRY--TOPICAL TERM
Topical term or geographic name entry element Mass media - India
Holdings
Withdrawn status Lost status Damaged status Not for loan Permanent Location Current Location Date acquired Full call number Barcode Date last seen Price effective from Koha item type
        Indian Institute of Public Administration Indian Institute of Public Administration 1993-10-28 W7x54 K965 51785 2018-07-21 2018-07-21 Book

Powered by Koha